Mathematical methods in chemical engineering (Record no. 25039)

000 -LEADER
fixed length control field 00548nam a22002051 4500
001 - CONTROL NUMBER
control field 25039
003 - CONTROL NUMBER IDENTIFIER
control field BD-DhUET
008 - FIXED-LENGTH DATA ELEMENTS--GENERAL INFORMATION
fixed length control field 730313s1963 xx 000 0 eng
040 ## - CATALOGING SOURCE
Original cataloging agency DLC
Transcribing agency OClU
Modifying agency BD-DhUET
082 ## - DEWEY DECIMAL CLASSIFICATION NUMBER
Classification number 660.28
Item number JEN/1963
100 ## - MAIN ENTRY--PERSONAL NAME
Personal name Jenson, V. G.
245 10 - TITLE STATEMENT
Title Mathematical methods in chemical engineering
250 ## - EDITION STATEMENT
Edition statement 1st ed.
260 ## - PUBLICATION, DISTRIBUTION, ETC. (IMPRINT)
Place of publication, distribution, etc. London
Name of publisher, distributor, etc. Academic Press
Date of publication, distribution, etc. 1963
300 ## - PHYSICAL DESCRIPTION
Extent xi, 556 p.
Other physical details illus.
Dimensions 24cm.
504 ## - BIBLIOGRAPHY, ETC. NOTE
Bibliography, etc Includes bibliographies
650 #0 - SUBJECT ADDED ENTRY--TOPICAL TERM
Topical term or geographic name as entry element Chemical engineering
700 ## - ADDED ENTRY--PERSONAL NAME
Personal name Jeffreys, G. V.
942 ## - ADDED ENTRY ELEMENTS (KOHA)
Koha item type General Book
Holdings
Price effective from Koha full call number Date acquired Shelving location Withdrawn status Location (home branch) Not for loan Copy number Source of classification or shelving scheme Damaged status Sublocation or collection (holding branch) Koha date last seen Piece designation (barcode) Koha normalized classification for sorting Koha item type Lost status
2015-05-12660.28/JEN/19632015-05-12Circulation section Central Library, BUET 1  Central Library, BUET2015-05-1222438660_280000000000000_JEN_1963General Book 
2015-05-12660.28/JEN/19632015-05-12Circulation section Central Library, BUET 2  Central Library, BUET2015-05-1222440660_280000000000000_JEN_1963General Book 
2015-05-12660.28/JEN/19632015-05-12Circulation section Central Library, BUET 3  Central Library, BUET2015-05-1222434660_280000000000000_JEN_1963General Book 
2015-05-18660.28/JEN/19632015-05-18Circulation section Central Library, BUET 4  Central Library, BUET2015-05-1822432660_280000000000000_JEN_1963General Book 
2015-05-18660.28/JEN/19632015-05-18Circulation section Central Library, BUET 5  Central Library, BUET2015-05-1822435660_280000000000000_JEN_1963General Book 
2015-05-18660.28/JEN/19632015-05-18Circulation section Central Library, BUET 6  Central Library, BUET2015-05-1829450660_280000000000000_JEN_1963General Book 
2015-05-18660.28/JEN/19632015-05-18Circulation section Central Library, BUET 7  Central Library, BUET2015-05-1829449660_280000000000000_JEN_1963General Book 
2015-05-18660.28/JEN/19632015-05-18Circulation section Central Library, BUET 8  Central Library, BUET2015-05-1829448660_280000000000000_JEN_1963General Book 
2015-05-18660.28/JEN/19632015-05-18Circulation section Central Library, BUET 9  Central Library, BUET2015-05-1829457660_280000000000000_JEN_1963General Book 
2015-05-18660.28/JEN/19632015-05-18Circulation section Central Library, BUET 10  Central Library, BUET2015-05-1829454660_280000000000000_JEN_1963General Book 
2015-05-18660.28/JEN/19632015-05-18Circulation section Central Library, BUET 11  Central Library, BUET2015-05-1829453660_280000000000000_JEN_1963General Book 
2015-05-18660.28/JEN/19632015-05-18Circulation section Central Library, BUET 12  Central Library, BUET2015-05-1829451660_280000000000000_JEN_1963General Book 
2015-05-18660.28/JEN/19632015-05-18Circulation section Central Library, BUET 13  Central Library, BUET2015-05-1822431660_280000000000000_JEN_1963General Book 
2015-05-18660.28/JEN/19632015-05-18Circulation section Central Library, BUET 14  Central Library, BUET2015-05-1829452660_280000000000000_JEN_1963General Book 
2015-05-18660.28/JEN/19632015-05-18Circulation section Central Library, BUET 15  Central Library, BUET2015-05-1822436660_280000000000000_JEN_1963General Book 
2015-06-17660.28/JEN/19632015-06-17Reading section Central Library, BUET 16  Central Library, BUET2015-06-1729456660_280000000000000_JEN_1963Reading Item 
2015-06-18660.28/JEN/19632015-06-18Reading section Central Library, BUET 17  Central Library, BUET2015-06-1829455.660_280000000000000_JEN_1963Reading Item 
2015-07-10660.28/JEN/19632015-07-10Reading section Central Library, BUET 18  Central Library, BUET2015-07-1022439660_280000000000000_JEN_1963Reading Item